| 000 | 00576nam a22002177a 4500 | ||
|---|---|---|---|
| 003 | OSt | ||
| 005 | 20251015131159.0 | ||
| 008 | 211123b ||||| |||| 00| 0 eng d | ||
| 020 | _a 9780078029196 | ||
| 020 | _a9781121914025 | ||
| 040 | _cDDC | ||
| 082 | _a338.04 .HIS 2013 | ||
| 100 |
_aHisrich, Robert; Peters, Michael; Shepherd, Dean _915389 |
||
| 245 | _aEntrepreneurship. | ||
| 250 | _a9th ed. | ||
| 260 |
_aNew York; _bMc Graw Hill, _c2013 |
||
| 300 |
_avi,638p.; _c28cm. |
||
| 504 | _aIncludes Index. | ||
| 650 |
_aEntrepreneurship. _96831 |
||
| 942 |
_2ddc _cBOOK |
||
| 999 |
_c7520 _d7520 |
||